000
00229nam a2200085Ia 4500
008
120527s9999 xx 000 0 und d
100
_a
Vallance, Theodore
245
_a
Values and Ethics in human develpoment professions
942
_c
BK
999
_c
27381
_d
27381